000 00832nam a2200229Ii 4500
003 JO-AjNU
008 230605s9999||||xx |||||||||||||| ||und||
017 _a1431/6195
020 _a978-9960-53-510-4
040 _aJO-AjNU
_bara
_erda
_cJO-AjNU
041 _aara
050 1 4 _aBP188 2010
100 3 _aجمع وترتيب السلمي، جملات عبد اللطيف ؛ عناية وتحقيق صبري بن سلامة شاهين,
_eauthor
_948704
245 0 0 _aمنتقى الفوائد المنقولة: المجموعة الأولى
250 _aط1
264 3 1 _aالرياض: دار القاسم للنشر والتوزيع، 2010
300 _a112ص
336 _atext
_btxt
_2rdacontent
337 _aunmediated
_bn
_2rdamedia
338 _avolume
_bnc
_2rdacarrier
650 4 _aالوعظ والارشاد
_948705
999 _aA21347
_c24915
_d24915